Arabic-English dictionary : (Record no. 1353)

MARC details
000 -LEADER
fixed length control field 01100cam a2200349 i 4500
001 - CONTROL NUMBER
control field 17608356
003 - CONTROL NUMBER IDENTIFIER
control field OSt
005 - DATE AND TIME OF LATEST TRANSACTION
control field 20230619144402.0
008 - FIXED-LENGTH DATA ELEMENTS--GENERAL INFORMATION
fixed length control field 130131s2009 pk d 000 0 eng
010 ## - LIBRARY OF CONGRESS CONTROL NUMBER
LC control number 2013344105
020 ## - INTERNATIONAL STANDARD BOOK NUMBER
International Standard Book Number 9789693506822
020 ## - INTERNATIONAL STANDARD BOOK NUMBER
International Standard Book Number 9693506820
025 ## - OVERSEAS ACQUISITION NUMBER
Overseas acquisition number P-E-2013344105
037 ## - SOURCE OF ACQUISITION
Source of stock number/acquisition Library of Congress -- Islamabad Overseas Office
040 ## - CATALOGING SOURCE
Original cataloging agency DLC
Language of cataloging eng
Transcribing agency DLC
Description conventions rda
041 0# - LANGUAGE CODE
Language code of text/sound track or separate title eng
-- ara
042 ## - AUTHENTICATION CODE
Authentication code lcode
050 00 - LIBRARY OF CONGRESS CALL NUMBER
Classification number PJ6640
Item number .S68 2009
082 ## - DEWEY DECIMAL CLASSIFICATION NUMBER
Classification number 492.703
Item number STE
100 1# - MAIN ENTRY--PERSONAL NAME
Personal name Steingass, Francis Joseph,
Dates associated with a name 1825-1903,
Relator term author.
245 10 - TITLE STATEMENT
Title Arabic-English dictionary :
Statement of responsibility, etc. by F. Steingass.
246 14 - VARYING FORM OF TITLE
Title proper/short title ʻArabī - Inglish ḍikshnarī
264 #1 - PRODUCTION, PUBLICATION, DISTRIBUTION, MANUFACTURE, AND COPYRIGHT NOTICE
Place of production, publication, distribution, manufacture Lahore :
Name of producer, publisher, distributor, manufacturer Sang-e-Meel Publications,
Date of production, publication, distribution, manufacture, or copyright notice 2009.
336 ## - CONTENT TYPE
Content type term text
Content type code txt
Source rdacontent
337 ## - MEDIA TYPE
Media type term unmediated
Media type code n
Source rdamedia
338 ## - CARRIER TYPE
Carrier type term volume
Carrier type code nc
Source rdacarrier
546 ## - LANGUAGE NOTE
Language note Explanation in English, words in Arabic.
650 #0 - SUBJECT ADDED ENTRY--TOPICAL TERM
Topical term or geographic name as entry element Arabic language
Form subdivision Dictionaries
General subdivision English.
906 ## - LOCAL DATA ELEMENT F, LDF (RLIN)
a 7
b cbc
c origode
d 2
e ncip
f 20
g y-gencatlg
942 ## - ADDED ENTRY ELEMENTS (KOHA)
Source of classification or shelving scheme Dewey Decimal Classification
Koha item type Books
Holdings
Withdrawn status Lost status Source of classification or shelving scheme Damaged status Not for loan Home library Current library Date acquired Total Checkouts Full call number Barcode Date last seen Price effective from Koha item type
    Dewey Decimal Classification     Bunge Tower Library Bunge Tower Library 06/19/2023   492.703 STE 10014602 06/19/2023 06/19/2023 Books
    Dewey Decimal Classification     Bunge Tower Library Bunge Tower Library 06/19/2023   492.703 STE 10014603 06/19/2023 06/19/2023 Books
LIBRARY OPENING HOURS

When the Parliament is sitting: 8.00a.m - 7.00p.m or until the house adjourns
Mondays and Fridays and when the House is on Recess:  8.00a.m - 5.00p.m
Closed on Weekends and Public Holidays

Online Public Access Catalog (OPAC)
Website: http://www.parliament.go.ke
Bunge Library: https://libraryir.parliament.go.ke
Contact: library@parliament.go.ke | Tel no: (254-2)2221291 or 2848000 Ext 5043